Juventus all-time top scorers - Statistics

General Stats
  • This quiz has been taken 72 times
  • The average score is 4 of 10
Answer Stats
Goals Nationality Player % Correct
290 Italy Alessandro Del Piero
95%
115 Argentina Paulo Dybala
77%
171 France David Trezeguet
74%
115 Italy Roberto Baggio
45%
174 Argentina / Italy Omar Sivori
38%
188 Italy Giampiero Boniperti
35%
179 Italy Roberto Bettega
29%
132 Italy Pietro Anastasi
17%
124 Denmark Johan Hansen
11%
163 Italy Felice Borel
8%
No matching quizzes found
Score Distribution
Percent of People with Each Score
Percentile by Number Answered
Your Score History
You have not taken this quiz